00684nam a2200181 a 450000500170000000800410001702000180005805000270007610000140010324500810011726000450019830000080024350000560025165000230030765000350033099900190036595201180038420140412111415.0070706s19uu xx 00 eng d a0-7668-2792-5 aTR(GS 372.86bP58 2000 aPica, Rae aMoving and learning series / :bPreschoolers and Kindergartners /cRae Pica. aU.S.A :bDelmar Thomson learning,c2000. a152 aIncludes bibliographical references. ages 4-6 years aMovement Education aPre-School children-Recreation c105795d105795 001040aELbELcTRd2007-07-06eLib. Fundl0oTR(GS 372.86 P58 2000pE10690r2014-04-12 00:00:00w2014-04-12yBK